000 00492nam a2200181Ia 4500
001 13931
003 GE_BSU
008 181216s||||||||xx |||||||||||||| ||und||
040 _cGE_BSU
245 _aПсихология обучения. №11. 2014. Ноябрь
245 _cГл.ред.Бархаев Б.П.
260 _aМосква
260 _bИзд-во СГУ
260 _c2014
300 _a147стр.24см.
653 _aПсихология обучения.
942 _cCR
999 _c47074
_d47074